01122nam a2200301Ia 4500001001200000003000800012006001900020007001500039008004100054020001800095020001800113040002100131035002100152050002700173100002200200245009500222260002700317300001900344504004100363533015200404650002500556650002900581655002900610700002100639710001700660856012600677999001700803ebr10572382CaPaEBRm u cr cn|||||||||120705s2011 it a sb 000 0 eng d z9788897419068 z9788897419105 aCaPaEBRcCaPaEBR a(OCoLC)77356523214aRC660.75b.M37 2011eb1 aMarengo, Claudio.10aRisk of disability in elderly diabetic patientsh[electronic resource] /cClaudio Marengo. aTorino :bSEEd,c2011. a100 p. :bill. aIncludes bibliographical references. aElectronic reproduction.bPalo Alto, Calif. :cebrary,d2011.nAvailable via World Wide Web.nAccess may be limited to ebrary affiliated libraries. 0aDiabetes in old age. 0aDiabetesxComplications. 7aElectronic books.2local1 aComoglio, Marco.2 aebrary, Inc.40uhttp://site.ebrary.com/lib/rucke/Doc?id=10572382zAn electronic book accessible through the World Wide Web; click to view c80891d80891